000 00559nam a2200193Ia 4500
003 OSt
005 20250131155433.0
008 210210b1977 xxu||||| |||| 00| 0 eng d
040 _cAL
041 _aKannada
082 _aK894.3 KRAR
100 _aKRASHNAMURTI PURANIKA
_9138558
_dಕೃಷ್ಣಮೂರ್ತಿ ಪುರಾಣಿಕ್
245 _aRamuna Kategalu
_bರಾಮುನ ಕತೆಗಳು
260 _aGokaka
_bVidyagauri Prakashana
_c1977
300 _avii,99
690 _aKannada Fiction
_9138559
906 _a033095
942 _2ddc
_cBK
999 _c83851
_d83851